Mountain Ranges within One Country - Statistics

General Stats
  • This quiz has been taken 45 times
  • The average score is 12 of 15
Answer Stats
Mountain Range / Highland Country % Correct
Black Forest Germany
95%
Apennine Mountains Italy
93%
Cantabrian Mountains Spain
91%
Great Dividing Range Australia
88%
Sierra Madre del Sur Mexico
88%
Nanling Mountains China
86%
Ozark Mountains United States
86%
Serra do Mar Brazil
81%
Massif Central France
81%
Western Ghats India
77%
Southern Alps New Zealand
74%
Hijaz Mountains Saudi Arabia
65%
Taurus Mountains Turkey
65%
Laurentian Mountains Canada
63%
Sierra Nevada de Santa Marta Colombia
58%
No matching quizzes found
Score Distribution
Percent of People with Each Score
Percentile by Number Answered
Your Score History
You have not taken this quiz